Berry Ratio v transferovom oceňovaní

Vývoj metód transferového oceňovania. Indikátory ziskovej úrovne v aplikácii ziskových metód. Berry Ratio - Berryho ukazovateľ - hlavný analytický nástroj v daňovej správe Spojených štátov, používaný na celom svete. Aplikácia Berryho ukazovateľa v analýze transferového oceňovania. Nevýhody využitia...

Ausführliche Beschreibung

Gespeichert in:
Bibliographische Detailangaben
1. Verfasser: Kvasničková, Zuzana
Format: Buchkapitel
Sprache:Slowakisch
Schlagworte:
Tags: Tag hinzufügen
Keine Tags, Fügen Sie das erste Tag hinzu!

MARC

LEADER 00000naa$a2200000$$$4500
001 0096303
005 20240502072053.0
041 0 |a slo 
044 |a SK 
245 1 0 |a Berry Ratio v transferovom oceňovaní  |c Zuzana Kvasničková 
520 |a Vývoj metód transferového oceňovania. Indikátory ziskovej úrovne v aplikácii ziskových metód. Berry Ratio - Berryho ukazovateľ - hlavný analytický nástroj v daňovej správe Spojených štátov, používaný na celom svete. Aplikácia Berryho ukazovateľa v analýze transferového oceňovania. Nevýhody využitia Berryho ukazovateľa. 
610 2 0 |a oceňovanie transferové 
610 2 0 |a analýzy 
610 2 0 |a ukazovatele 
100 1 |a Kvasničková, Zuzana